Disney Movie Roundup Quiz Stats

 Plays Quiz Updated Oct 1, 2018

Support Sporcle.
Go Orange.
Score 0/30 Timer 06:00
2 Plays Today
% Correct
Aladdin
96.6%
Fantasia
93.9%
High School Musical
92.5%
Pirates of the Caribbean
92.1%
The Parent Trap
91.7%
Enchanted
91.7%
The Princess Diaries
90.8%
Freaky Friday
89.8%
The Mighty Ducks
86.5%
Honey, I Shrunk the Kids
85.2%
Chicken Little
84%
Meet the Robinsons
83.9%
The Cheetah Girls
81.4%
Bedknobs and Broomsticks
80.8%
National Treasure
79.8%
% Correct
Holes
76.9%
Air Bud
75.9%
Tangled
75.6%
TRON
73.9%
John Carter
70%
Cool Runnings
68.9%
James and the Giant Peach
68.6%
The Brave Little Toaster
66.8%
Inspector Gadget
65.8%
Old Yeller
65.2%
Tuck Everlasting
64%
Saludos Amigos
57.3%
Newsies
53.3%
Brink!
48.2%
Heavy Weights
44.8%

You're not logged in!

Compare scores with friends on all Sporcle quizzes.
OR
Log In

From the Vault

Capital per 3rd Letter

by RobPro

Despite constant lobbying, no country is willing to change their capital to Sporcle, even for a day.
Remove Ads.
Support Sporcle.
Get the best of Sporcle when you Go Orange. This ad-free experience offers more features, more stats, and more fun while also helping to support Sporcle. Thank you for becoming a member.

Show Comments

Extras

Top Quizzes Today


Score Distribution

Your Account Isn't Verified!

In order to create a playlist on Sporcle, you need to verify the email address you used during registration. Go to your Sporcle Settings to finish the process.

Report this User

Report this user for behavior that violates our Community Guidelines.

Details: